Performance of an agricultural engine using mineral diesel and ethanol fuels (Registro n. 329123)
[ somente texto ]
| 000 -LÍDER | |
|---|---|
| fixed length control field | 03358nab a2200301 i 4500 |
| 003 - CÓDIGO MARC DA AGÊNCIA CATALOGADORA | |
| Campo de controle | BR-BrBNA |
| 005 - DATA E HORA DA ÚLTIMA ATUALIZAÇÃO | |
| Campo de controle | 20241209205245.0 |
| 008 - CAMPO DE TAMANHO FIXO | |
| fixed length control field | 241209b2017 bl.mr|pooa||| 00| 0 eng | |
| 040 ## - FONTE DA CATALOGAÇÃO | |
| Agência catalogadora | BR-BrBNA |
| Idioma da catalogação | eng |
| 072 ## - CATEGORIA AGRIS | |
| Código AGRIS | N20 |
| 100 ## - ENTRADA PRINCIPAL - NOME PESSOAL | |
| Nome pessoal | Farias, Marcelo Silveira de |
| 100 ## - ENTRADA PRINCIPAL - NOME PESSOAL | |
| Nome pessoal | Schlosser, José Fernando |
| 100 ## - ENTRADA PRINCIPAL - NOME PESSOAL | |
| Nome pessoal | Russini , Alexandre |
| 100 ## - ENTRADA PRINCIPAL - NOME PESSOAL | |
| Nome pessoal | Frantz, Ulisses Giacomini |
| 100 ## - ENTRADA PRINCIPAL - NOME PESSOAL | |
| Nome pessoal | Estrada, Javier Solis |
| 245 ## - TÍTULO PRINCIPAL | |
| Título principal | Performance of an agricultural engine using mineral diesel and ethanol fuels |
| 500 ## - NOTA GERAL | |
| Nota geral | Publicação on-line; 19 ref.; Sumaries (En, Pt) |
| 942 ## - ADDED ENTRY ELEMENTS (KOHA) | |
| Koha item type | Analítica |
| 520 ## - NOTA DE RESUMO | |
| Nota de conteúdo | <br/><br/>ABSTRACT - The global demand for alternatives for mineral diesel oil is growing due to the need for satisfying sustainability and environmental requirements, forcing industries and research institutions to develop new alternative fuels. The objective of this study was to evaluate the performance parameters of an agricultural engine using two different fuels: mineral diesel oil and ethanol. The experiment was conducted on a dynamometric stand using two engines for agricultural use but with a modified fuel injection system, suitable for both diesel and ethanol, in the speed range 1200-2300rpm. The performance of the engines was analyzed considering the power take-off from the tractors for each fuel, as established in the standard NBR ISO 1585. The data obtained showed that at the working speed that provides 540rpm at the power take-off, the engine performance changed when powered by ethanol, with a reduction in the maximum power and increased specific fuel consumption.<br/><br/>Key words: alternative fuels, diesel cycle, agricultural tractor, brake dynamometer. |
| 520 ## - NOTA DE RESUMO | |
| Nota de conteúdo | <br/><br/>RESUMO - A demanda mundial por combustíveis alternativos ao óleo Diesel mineral vem crescendo, tanto pela sustentabilidade, quanto por exigências ambientais. Isso faz com que as indústrias e as instituições de pesquisa desenvolvam novas alternativas para o uso destes combustíveis. Nesse contexto, objetivou-se avaliar os parâmetros de desempenho de um motor agrícola, com dois diferentes combustíveis, Diesel mineral e etanol. O experimento foi realizado em bancada dinamométrica, utilizando dois motores de uso agrícola, porém, com alterações no sistema de injeção de combustível, Diesel e etanol, na faixa de rotação entre 1200 e 2300rpm. O desempenho dos motores foi analisado por meio da tomada de potência dos tratores para cada combustível, conforme estabelece a norma NBR ISO 1585. A partir dos dados obtidos, concluiu-se que, ao considerar a rotação de trabalho que fornece 540rpm na tomada de potência, houve alteração no desempenho do motor movido a etanol, com redução da potência máxima e aumento do consumo específico de combustível.<br/><br/>Palavras-chave: combustíveis alternativos, ciclo Diesel, trator agrícola, freio dinamométrico. |
| 650 ## - ASSUNTO - THESAGRO | |
| Cabeçalho tópico ou nome geográfico | MÁQUINA AGRÍCOLA |
| 650 ## - ASSUNTO - THESAGRO | |
| Cabeçalho tópico ou nome geográfico | TRATOR |
| 650 ## - ASSUNTO - THESAGRO | |
| Cabeçalho tópico ou nome geográfico | MOTOR |
| 650 ## - ASSUNTO - THESAGRO | |
| Cabeçalho tópico ou nome geográfico | COMBUSTÍVEL |
| 773 0# - ENTRADA ANALÍTICA | |
| Host Biblionumber | 2408 |
| Registro do item | 346529 |
| Imprenta | Santa Maria-RS Universidade Federal de Santa Maria - Centro de Ciências Rurais 1991 |
| Outro identificador | 2024-7200 |
| Título | Ciência Rural (Brazil) |
| ISSN | 0103-8478 Versão online ISSN 1678-4596 |
| Colação | v. 47(3) p. 1-6; (2017) |
| Número de controle de registro | BR2024003853 |
| 856 ## - ACESSO E ENDEREÇO ELETRÔNICO | |
| Identificador uniforme de recurso - URI | https://www.scielo.br/j/cr/a/BhxvbG79qHRTkGWR4tjMKRc/?format=pdf&lang=en |
Nenhum exemplar disponível.

BINAGRI